00525nam a2200157Ia 4500008004100000040001900041041001200060082003500072100001800107245008600125260004500211300004800256504001900304650002300323850002100346131103s9999 xx 000 0 und d aLoreto College aEnglish a915.45/KAYbLCLIB(Press)/18880 aKayastha, S L 4aThe Himalayan beas basinb A study in habitat, economy and society cS L Kayastha aVaranasibBanaras Hindu Universityc1964 axviii,346p.b ill.,, diagrams , mapc 26cm. aIncludes index aPunjab - Geography aLCLIB/915.45/KAY